Dates de mandat des présidents de la République française - Statistiques

Statistiques générales
  • Ce quiz a été pris 40 fois
  • Le résultat moyen est 14 sur 26
Statistiques - réponses
Président Mandat % Correct
Nicolas Sarkozy 2007-2012
96%
François Hollande 2012-2017
96%
Emmanuel Macron 2017-2022
92%
Emmanuel Macron 2022-2027
92%
François Mitterand 1981-1995
83%
Jacques Chirac 1995-2007
79%
Valéry Giscard d'Estaing 1974-1981
71%
Georges Pompidou 1969-1974
67%
Louis-Napoléon Bonaparte 1848-1852
50%
Paul Deschanel 1920-1920
50%
Charles de Gaulle 1959-1969
50%
Adolphe Thiers 1871-1873
46%
Patrice de Mac Mahon 1873-1879
42%
Albert Lebrun 1932-1940
42%
Vincent Auriol 1947-1954
42%
René Coty 1954-1959
42%
Jules Grévy 1879-1887
38%
Sadi Carnot 1887-1894
38%
Jean-Casimir Perrier 1894-1895
38%
Alexandre Millerand 1920-1924
38%
Félix Faure 1895-1899
33%
Raymond Poincaré 1913-1920
33%
Gaston Doumergue 1924-1931
33%
Paul Doumer 1931-1932
33%
Armand Fallières 1906-1913
29%
Émile Loubet 1899-1906
25%
Aucun quiz correspondant
Distribution des résultats
% des personnes avec chaque résultat
Percentile par nombre de réponses
Votre historique - résultats
Vous n’avez pas pris ce quiz